header

Robotic surgery in gynecology (Record no. 114447)

MARC details
000 -LEADER
fixed length control field 01240nam a2200301 a 4500
245 00 - TITLE STATEMENT
Title Robotic surgery in gynecology
260 ## - PUBLICATION, DISTRIBUTION, ETC. (IMPRINT)
Place of publication [Oak Park, Ill.?] :
Name of publisher Bentham eBooks,
Year of publication [2011]
300 ## - PHYSICAL DESCRIPTION
Number of Pages iv, 75 p. :
Other physical details ill. (some col.).
490 0# - SERIES STATEMENT
Series statement Emerging technologies in women's health,
650 #0 - SUBJECT ADDED ENTRY--TOPICAL TERM
Topical Term Generative organs, Female
Topical Term Robotics in medicine.
700 1# - ADDED ENTRY--PERSONAL NAME
Personal name Tulandi, T.
Personal name Advincula, Arnold.
856 40 - ELECTRONIC LOCATION AND ACCESS
Uniform Resource Identifier http://site.ebrary.com/lib/rucke/Doc?id=10504671

No items available.

© 2026 Rongo University
Contact us: librarian | system librarian | Rongo university